000 00638nam a22002177a 4500
003 URS
005 20260216141957.0
008 260216s2025 |||a|||| |||| 00| 0 eng d
020 _a978139430788
040 _bEnglish
_cURS
_drda
050 _aQA 76.73
_b.M8876 2025
100 _4author
_aMueller, john Paul
245 _aC++ essentials for dummies/
_cJohn Paul Mueller
264 _aCanada:
_bJohn Wiley & Sons, Inc;
_cc2025
300 _a179 pages:
_c22 cm
336 _2rdacontent
_atext
_btxt
337 _2rdamedia
_aunmediated
_bn
338 _2rdacarrier
_avolume
_bnc
650 _aC++ (Computer program language)
942 _2lcc
_cR
999 _c89374
_d89371